|
|
|
|
| LEADER |
00000nab a2200000 a 4500 |
| 001 |
vtls000820814 |
| 003 |
SK-MaSNL |
| 005 |
20260304132222.0 |
| 008 |
250429c2002 xo 0 slo |
| 015 |
|
|
|a SNBRB2003/01-00294
|
| 035 |
|
|
|a CLN000172469
|
| 035 |
|
|
|a urn:nbn:sk:snk-abpa7
|
| 035 |
|
|
|a (urnnbn)urn:nbn:sk:snk:ar-a03uxr
|
| 035 |
|
|
|a (uuid)831c26ef-b478-4f2b-b398-16f3b2a3e14f
|
| 040 |
|
|
|a SNKBUCL
|b slo
|c SNKBUCL
|e AACR2
|
| 041 |
0 |
|
|a slo
|
| 044 |
|
|
|a xo
|c SK
|
| 080 |
|
|
|a 619:616.988:636.2(436)
|2 1997
|
| 080 |
|
|
|a 578.82/.83(436)
|2 1997
|
| 080 |
|
|
|a 636.2.09(436)
|2 1997
|
| 100 |
1 |
|
|a Rossmanith, W.
|4 aut
|9 777953
|
| 245 |
1 |
0 |
|a Ozdravovanie chovov hovädzieho dobytka od BVDV nákazy
|b všeobecné zásady a skúsenosti s ozdravovacínm programom v Dolnom Rakúsku
|c W. Rossmanith, Š. Vilček
|
| 504 |
|
|
|a Res. angl., slov.
|
| 650 |
0 |
7 |
|a dobytok hovädzí
|x vírus hnačky hovädzieho dobytka
|x nákazy
|z Dolné Rakúsko
|x programy ozdravovacie
|2 snkbucl
|9 1446935
|
| 650 |
0 |
7 |
|a hnačka vírusová bovinná
|z Dolné Rakúsko
|x programy ozdravovacie
|2 snkbucl
|9 1446936
|
| 655 |
|
7 |
|a články z novín a časopisov
|2 snkbucl
|9 267496
|
| 700 |
1 |
|
|a Vilček, Štefan,
|d 1950-
|4 aut
|9 132288
|
| 773 |
0 |
|
|t Slovenský veterinársky časopis
|g Roč. 27, č. 5 (2002), s. 26-29
|x 1335-0099
|
| 850 |
|
|
|a Slovenská národná knižnica
|
| 852 |
|
|
|a Slovenská národná knižnica
|
| 954 |
|
|
|a odborná, vedecká literatúra cudzojazyčná (svetová)
|2 lita
|
| 954 |
|
|
|a odborná, vedecká literatúra pôvodná (slovenská)
|2 lita
|
| 958 |
|
|
|a article27
|
| 958 |
|
|
|a AT
|
| 958 |
|
|
|a OND
|
| 958 |
|
|
|a EUIPO
|
| 992 |
|
|
|a RBX
|
| 999 |
|
|
|c 2898565
|d 2900495
|